000 01391 a2200289 4500
003 AR-FvUNAJ
005 20230504134832.0
007 cr
008 230504cr ||||| |||| 00| 0 spa d
022 _a0719-5346
040 _cAR-FvUNAJ
100 1 _916971
_aMuñoz Espinosa, Irene
245 1 0 _aOcupaciones de tiempo libre :
_buna aproximación desde la perspectiva de los ciclos vitales, desarrollo y necesidades humanas /
260 _aSantiago :
_bUniversidad de Chile ,
_c2021 .
300 _aEn línea
310 _aSemestral
362 _aVol. 22 No. 2 (dic. 2021)
520 2 _aEl presente ensayo aborda una revisión de conceptos de Tiempo Libre desde diferentes ámbitos, lo que puede contribuir a comprender por qué el uso del Tiempo Libre se concibe como ocupación. A la vez destaca cómo estas actividades cambian como ocupaciones a través del ciclo vital de las personas; en un contexto local de nuestro país.
650 2 7 _2dcs
_92433
_aTERAPIA OCUPACIONAL
650 2 7 _2dcs
_916973
_aOCUPACIONES
651 2 7 _2dcs
_9326
_aARGENTINA
700 1 _916972
_aSalgado Gómez, Pamela
773 0 _x0719-5346
_tRevista chilena de Terapia ocupacional /
_dSantiago : Universidad de Chile , 2001 -
856 4 1 _uhttps://revistaterapiaocupacional.uchile.cl/index.php/RTO/article/view/110
942 _2ddc
_cANA
980 _611876
_aClaudia Naveiras
_811876
_gClaudia Naveiras
999 _c8654
_d8654